Statistics for Arsenal Squad 2015-16

Click here to take the quiz!

General Stats

  • This quiz has been taken 62 times
  • The average score is 21 of 35

Answer Stats

HintAnswer% Correct
17Alexis Sánchez
96%
11Mesut Özil
93%
33Petr Čech
91%
12Olivier Giroud
89%
4Per Mertesacker
86%
16Aaron Ramsey
84%
6Laurent Koscielny
84%
14Theo Walcott
84%
3Kieran Gibbs
79%
19Santi Cazorla
79%
24Héctor Bellerín
77%
8Mikel Arteta
73%
13David Ospina
71%
10Jack Wilshere
71%
15Alex Oxlade-Chamberlain
70%
5Gabriel
70%
18Nacho Monreal
70%
7Tomáš Rosický
66%
23Danny Welbeck
63%
21Calum Chambers
61%
35Mohamed Elneny
59%
45Alex Iwobi
57%
34Francis Coquelin
52%
20Mathieu Flamini
48%
2 (loan)Mathieu Debuchy
46%
1 (loan)Wojciech Szczęsny
45%
25Carl Jenkinson
41%
28Joel Campbell
41%
22 (loan)Yaya Sanogo
34%
26 (loan)Emiliano Martínez
29%
27Serge Gnabry
27%
32 (loan)Chuba Akpom
23%
49Matt Macey
18%
42 (loan)Isaac Hayden
14%
54Jeff Reine-Adélaïde
13%

Score Distribution

Percentile by Number Answered

Percent of People with Each Score

Your Score History

You have not taken this quiz